[Event "Pula op 31st"]
[Site "Pula"]
[Date "2017.09.09"]
[Round "1"]
[White "Vypkhaniuk, Igor"]
[Black "Weber, Harald"]
[Result "1-0"]
[WhiteElo "2351"]
[BlackElo "1878"]
[PlyCount "65"]
[EventDate "2017.09.09"]
[EventType "swiss"]
[EventRounds "9"]
[EventCountry "CRO"]
[SourceTitle "CBM 180 Extra"]
[Source "ChessBase"]
[SourceDate "2017.10.06"]
[SourceVersion "1"]
[SourceVersionDate "2017.10.06"]
[SourceQuality "1"]

1. Nf3 d5 2. g3 Nc6 3. d3 Nf6 4. Bg2 e5 5. 0-0 Bd6 6. Bg5 h6 7. Bxf6 Qxf6 8. Nc3 Be6 9. Nd2 d4 10. Nb5 Qd8 11. c3 Be7 12. cxd4 exd4 13. Qa4 Bc5 14. Nb3 Bxb3 15. Qxb3 0-0 16. Rfc1 Bb6 17. Bxc6 bxc6 18. Rxc6 Qe7 19. Qc2 Rfe8 20. a4 a6 21. Na3 Qxe2 22. Qxe2 Rxe2 23. Nc4 Re6 24. Rxe6 fxe6 25. b4 Kf7 26. a5 Ba7 27. Rc1 Kf6 28. Nd2 Bb8 29. Rc6 Ke7 30. Nf3 e5 31. Nxe5 Ra7 32. Kg2 Rb7 33. Rxa6 1-0

[Event "Nittenau-ch 7th"]
[Site "Nittenau"]
[Date "2007.??.??"]
[Round "4"]
[White "Weber, Harald"]
[Black "Jovic, Slavko"]
[Result "0-1"]
[WhiteElo "1861"]
[BlackElo "1524"]
[PlyCount "90"]
[EventDate "2007.??.??"]
[EventType "swiss"]
[EventRounds "5"]
[EventCountry "GER"]
[SourceTitle "EXT 2010"]
[Source "ChessBase"]
[SourceDate "2010.11.25"]
[SourceVersion "1"]
[SourceVersionDate "2010.11.25"]
[SourceQuality "1"]

1. d4 d5 2. e3 Nf6 3. Be2 e6 4. Nf3 Bd6 5. h3 Nc6 6. 0-0 0-0 7. b3 Ne7 8. c4 b6 9. Nbd2 Ng6 10. cxd5 exd5 11. Bb2 c6 12. a4 Re8 13. Qc1 Qd7 14. Bc3 h6 15. b4 Bb7 16. a5 b5 17. Bd3 a6 18. Bxg6 fxg6 19. Qc2 Qf7 20. Rfe1 Ne4 21. Bb2 Bxb4 22. Ba3 Bxd2 23. Nxd2 Qxf2+ 24. Kh2 Qxd2 25. Qb3 Qxa5 26. Bd6 Qd8 27. Bc5 a5 28. Rf1 Nd2 29. Qd3 Nxf1+ 30. Rxf1 Qg5 31. Re1 a4 32. Qd2 a3 33. Bb4 a2 34. Bc3 Ra4 35. g4 Rea8 36. Ra1 Re8 37. Rxa2 Rxa2 38. Qxa2 Qxe3 39. Qb3 Kh7 40. Qb4 Qf4+ 41. Kg1 Qg3+ 42. Kf1 Qxh3+ 43. Kf2 Qxg4 44. Qb1 Re2+ 45. Kf1 Qg2# 0-1